<?xml version="1.0" encoding="UTF-8"?><record xmlns="http://www.loc.gov/MARC21/slim" xmlns:zs="http://docs.oasis-open.org/ns/search-ws/sruResponse">
  <leader>02036cas a22004337a 4500</leader>
  <controlfield tag="001">15933238</controlfield>
  <controlfield tag="008">930330d19141915scudn ne      0   a0eng d</controlfield>
  <controlfield tag="005">20250630030947.3</controlfield>
  <datafield ind1=" " ind2=" " tag="010">
    <subfield code="a">sn 93067669 </subfield>
  </datafield>
  <datafield ind1="0" ind2=" " tag="022">
    <subfield code="a">2166-9651</subfield>
    <subfield code="2">1</subfield>
  </datafield>
  <datafield ind1=" " ind2=" " tag="035">
    <subfield code="a">(OCoLC)27828051</subfield>
  </datafield>
  <datafield ind1=" " ind2=" " tag="040">
    <subfield code="a">SVN</subfield>
    <subfield code="b">eng</subfield>
    <subfield code="c">SVN</subfield>
    <subfield code="d">OCLCQ</subfield>
    <subfield code="d">DLC</subfield>
    <subfield code="d">OCLCF</subfield>
    <subfield code="d">OCLCQ</subfield>
    <subfield code="d">HUL</subfield>
    <subfield code="d">DLC</subfield>
    <subfield code="d">OCLCL</subfield>
  </datafield>
  <datafield ind1=" " ind2=" " tag="042">
    <subfield code="a">msc</subfield>
    <subfield code="a">nsdp</subfield>
  </datafield>
  <datafield ind1=" " ind2=" " tag="043">
    <subfield code="a">n-us-sc</subfield>
  </datafield>
  <datafield ind1="0" ind2="0" tag="050">
    <subfield code="a">Newspaper</subfield>
  </datafield>
  <datafield ind1="1" ind2="0" tag="082">
    <subfield code="a">071</subfield>
    <subfield code="2">14</subfield>
    <subfield code="1">https://id.oclc.org/worldcat/ddc/E4dfHGhx3CP9J6H88DhYHkwpGh</subfield>
  </datafield>
  <datafield ind1=" " ind2="4" tag="222">
    <subfield code="a">The Anderson daily intelligencer</subfield>
  </datafield>
  <datafield ind1="0" ind2="4" tag="245">
    <subfield code="a">The Anderson daily intelligencer.</subfield>
  </datafield>
  <datafield ind1="1" ind2="7" tag="246">
    <subfield code="a">Anderson intelligencer</subfield>
  </datafield>
  <datafield ind1=" " ind2=" " tag="260">
    <subfield code="a">Anderson, S.C. :</subfield>
    <subfield code="b">William Banks,</subfield>
    <subfield code="c">1914-1915.</subfield>
  </datafield>
  <datafield ind1=" " ind2=" " tag="300">
    <subfield code="a">2 volumes</subfield>
  </datafield>
  <datafield ind1=" " ind2=" " tag="310">
    <subfield code="a">Daily (except Mon.)</subfield>
  </datafield>
  <datafield ind1=" " ind2=" " tag="336">
    <subfield code="a">text</subfield>
    <subfield code="b">txt</subfield>
    <subfield code="2">rdacontent</subfield>
  </datafield>
  <datafield ind1=" " ind2=" " tag="337">
    <subfield code="a">unmediated</subfield>
    <subfield code="b">n</subfield>
    <subfield code="2">rdamedia</subfield>
  </datafield>
  <datafield ind1=" " ind2=" " tag="338">
    <subfield code="a">volume</subfield>
    <subfield code="b">nc</subfield>
    <subfield code="2">rdacarrier</subfield>
  </datafield>
  <datafield ind1="0" ind2=" " tag="362">
    <subfield code="a">Vol. 1, no. 1 (Jan. 13, 1914) -v. 2, no. 95 (May 2, 1915).</subfield>
  </datafield>
  <datafield ind1=" " ind2=" " tag="530">
    <subfield code="a">Archived issues are available in digital format as part of the Library of Congress Chronicling America online collection.</subfield>
  </datafield>
  <datafield ind1=" " ind2="0" tag="651">
    <subfield code="a">Anderson County (S.C.)</subfield>
    <subfield code="v">Newspapers.</subfield>
  </datafield>
  <datafield ind1=" " ind2="7" tag="651">
    <subfield code="a">South Carolina</subfield>
    <subfield code="z">Anderson County.</subfield>
    <subfield code="2">fast</subfield>
    <subfield code="0">(OCoLC)fst01209417</subfield>
    <subfield code="1">https://id.oclc.org/worldcat/entity/E39QbtfRwMCyF4R67tj7t8YDCp</subfield>
  </datafield>
  <datafield ind1=" " ind2="7" tag="655">
    <subfield code="a">Newspapers.</subfield>
    <subfield code="2">fast</subfield>
    <subfield code="0">(OCoLC)fst01423814</subfield>
  </datafield>
  <datafield ind1=" " ind2="7" tag="655">
    <subfield code="a">Newspapers.</subfield>
    <subfield code="2">lcgft</subfield>
    <subfield code="0">https://id.loc.gov/authorities/genreForms/gf2014026132</subfield>
  </datafield>
  <datafield ind1=" " ind2=" " tag="752">
    <subfield code="a">United States</subfield>
    <subfield code="b">South Carolina</subfield>
    <subfield code="c">Anderson</subfield>
    <subfield code="d">Anderson.</subfield>
  </datafield>
  <datafield ind1="0" ind2=" " tag="775">
    <subfield code="t">Anderson intelligencer (Anderson, S.C. : Semiweekly)</subfield>
    <subfield code="x">2166-9643</subfield>
    <subfield code="w">(DLC)sn 93067658</subfield>
    <subfield code="w">(OCoLC)27828023</subfield>
  </datafield>
  <datafield ind1="0" ind2="8" tag="776">
    <subfield code="t">Anderson daily intelligencer</subfield>
    <subfield code="x">2769-3058</subfield>
    <subfield code="w">(DLC)  2021220423</subfield>
    <subfield code="w">(OCoLC)904424197</subfield>
  </datafield>
  <datafield ind1="0" ind2="0" tag="780">
    <subfield code="t">Anderson intelligencer (Anderson, S.C. : 1860)</subfield>
    <subfield code="x">2163-4394</subfield>
    <subfield code="w">(DLC)sn 84026965</subfield>
    <subfield code="w">(OCoLC)10791998</subfield>
  </datafield>
  <datafield ind1="0" ind2="0" tag="785">
    <subfield code="t">Intelligencer (Anderson, S.C.)</subfield>
    <subfield code="x">2163-6729</subfield>
    <subfield code="w">(DLC)  2010218505</subfield>
    <subfield code="w">(OCoLC)535564095</subfield>
  </datafield>
  <datafield ind1="4" ind2="1" tag="859">
    <subfield code="u">http://www.loc.gov/chroniclingamerica/lccn/sn93067669/issues</subfield>
  </datafield>
  <datafield ind1=" " ind2=" " tag="955">
    <subfield code="a">LCAP batch update 2025-06-26-04:00: LCAPM-893</subfield>
  </datafield>
  <datafield ind1=" " ind2=" " tag="985">
    <subfield code="a">serpull/chronam</subfield>
    <subfield code="e">ndnp</subfield>
  </datafield>
</record>
